000 00782nam a22002177a 4500
005 20251108165546.0
008 250721s1994 xx 000 0 ara d
082 1 4 _aم/332.03/أحم
100 1 _aبدوي، أحمد زكي
245 1 0 _aمعجم المصطلحات التجارية و المالية و المصرفية :
_bإنجليزي - فرنسي - عربي : المشروعات التجارية /
246 1 1 _aDictionary of commerce - finance and banking
264 1 _aبيروت :
_bدار الكتاب اللبناني،
_c1994.
300 _a356ص
650 1 7 _aالمالية
650 1 7 _aعلم المعاجم
650 1 7 _aالبنوك
650 1 7 _aالقواميس
700 1 _aمحمود، صديقة يوسف
942 _2ddc
_cREF
999 _c30772
_d30772